000 00284nam a22001217a 4500
040 _cHS
082 _a338 RIC 1982 C085
100 _aRICHARD E. JUST
245 _aApplied welfare economics and public policy
260 _aUSA
_bRICHARD E. JUST
_c1982
300 _a491p;
942 _cEK
999 _c11048
_d11048